| 000 | 01239nam a22003497a 4500 | ||
|---|---|---|---|
| 001 | 13874976 | ||
| 003 | OSt | ||
| 005 | 20210421064303.0 | ||
| 008 | 050216s2006 njua b 001 0 eng | ||
| 010 | _a 2005042190 | ||
| 020 | _a0131467042 (alk. paper) | ||
| 040 |
_aeng _cDLC _beng |
||
| 041 | _aeng | ||
| 042 | _apcc | ||
| 050 | 0 | 0 |
_aHF5718 _b.M86 2005 |
| 080 |
_a005 _bM-95 |
||
| 082 | 0 | 0 |
_a658.4/5 _222 |
| 100 | 1 | _aMunter, Mary. | |
| 245 | 1 | 0 |
_aGuide to managerial communication : _beffective business writing and speaking / _cby Mary Munter. |
| 250 | _a7th ed. | ||
| 260 |
_aUpper Saddle River, NJ : _bPearson/Prentice Hall, _c2006. |
||
| 300 |
_ax, 193 p. : _bill. ; _c21 cm. |
||
| 504 | _aIncludes bibliographical references (p. 179-182) and index. | ||
| 650 | 0 | _aBusiness communication. | |
| 650 | 0 | _aCommunication in management. | |
| 650 | 0 |
_aManagement _9324 |
|
| 653 | _aმართვა | ||
| 653 | _aბიზნეს კომუნიკაცია | ||
| 906 |
_a7 _bcbc _corignew _d1 _eocip _f20 _gy-gencatlg |
||
| 942 |
_2udc _cBK _e7 |
||
| 999 |
_c663 _d663 |
||